Tratado de paz y amistad concluído entre España y la República del Ecuador en 16 de febrero de 1840. (Record no. 190254)

MARC details
000 -LEADER
campo de control de longitud fija 00611nam a2200157 i 4500
001 - NÚMERO DE CONTROL
campo de control 190254
003 - IDENTIFICADOR DE NÚMERO DE CONTROL
campo de control ES-MaACL
005 - FECHA Y HORA DE LA ÚLTIMA TRANSACCIÓN
campo de control 20230906223659.0
008 - DATOS DE LONGITUD FIJA--INFORMACIÓN GENERAL
campo de control de longitud fija 201002s1841 sp |||| | spa d
245 00 - MENCIÓN DEL TÍTULO
Título Tratado de paz y amistad concluído entre España y la República del Ecuador en 16 de febrero de 1840.
260 ## - PUBLICACIÓN, DISTRIBUCIÓN, ETC.
Lugar de publicación, distribución, etc. [S.l.] :
Nombre del editor, distribuidor, etc. [s.n.],
Fecha de publicación, distribución, etc. 1841 (
Lugar de fabricación/manufactura Madrid :
Fabricante En la Imp. Nacional)
300 ## - DESCRIPCIÓN FÍSICA
Extensión 21 p. ;
Dimensiones 21 cm.
651 #4 - PUNTO DE ACCESO ADICIONAL DE MATERIA--NOMBRE GEOGRÁFICO
Nombre geográfico España-
Subdivisión general Relaciones-
Subdivisión geográfica Ecuador-
Subdivisión de forma Tratados, convenios, etc.
9 (RLIN) 170370
651 #4 - PUNTO DE ACCESO ADICIONAL DE MATERIA--NOMBRE GEOGRÁFICO
Nombre geográfico Ecuador-
Subdivisión general Relaciones-
Subdivisión geográfica España-
Subdivisión de forma Tratados, convenios, etc.
9 (RLIN) 170371
852 ## - LOCALIZACIÓN
Ubicación ES-MaACL
Número de control de estantería T-573-F-6
Holdings
Estatus retirado Estado de pérdida Estado de daño No para préstamo Colección Biblioteca de origen Biblioteca actual Ubicación en estantería Fecha de adquisición Fuente de adquisición Total de préstamos Signatura topográfica completa Código de barras Visto por última vez Precio de reemplazo Tipo de ítem Koha
        Colección de folletos Biblioteca del Ateneo de Madrid Biblioteca del Ateneo de Madrid Depósito folletos 06/06/2005     T-573-F-6 1202094 23/02/2023 23/02/2023 Folleto